00534nam a22001577a 450000500170000001000150001702000300003203500140006203700090007608200130008510000220009824501390012026000420025927000540030130000210035520220117110531.0 aENG-131166 a978-81-265-7195-6c437.00 aEN-114698 bDBAD a621.3815 aMaini, Anil Kumar aGate Electronics and Communication Engineering:bChapter-wise Solved papers (2000-2020)cAnil Kumar Maini, Varsha Agrawal, Nakul Maini aNew DelhibWiley India Pvt. Ltdc2020 bNew Delhia4436/7, Ansari Road, Daryaganje110002 a596p.c28cm(pbk)